000 00416nam a2200181Ia 4500
008 230512s9999 xx 000 0 und d
041 _aeng
082 _a658.01
100 _aHUTCHINS G
245 _aTAKING CARE OF BUSINESS
250 _a1
260 _bVANITY BOOKS INTERNATIONAL NEW DELHI
300 _a222
365 _b336
500 _aPaper Back
520 _aReference Copy
650 _aManagement
999 _c399946
_d399946